Toán học tính toán
Nội dung sách nêu đầy đủ các phương pháp tính toán thông thường và được trình bày tương đối thuận lợi cho việc lập trình tính toán.
Na minha lista:
| Autor principal: | |
|---|---|
| Formato: | Livro |
| Idioma: | Undetermined |
| Publicado em: |
Hà Nội
Giáo dục
2008
|
| Assuntos: | |
| Tags: |
Adicionar Tag
Sem tags, seja o primeiro a adicionar uma tag!
|
| Thư viện lưu trữ: | Trung tâm Học liệu Trường Đại học Cần Thơ |
|---|
| LEADER | 00780nam a2200205Ia 4500 | ||
|---|---|---|---|
| 001 | CTU_132282 | ||
| 008 | 210402s9999 xx 000 0 und d | ||
| 020 | |c 22000 | ||
| 082 | |a 515 | ||
| 082 | |b H420 | ||
| 100 | |a Doãn ,Tam Hòe | ||
| 245 | 0 | |a Toán học tính toán | |
| 245 | 0 | |c Doãn Tam Hoè | |
| 260 | |a Hà Nội | ||
| 260 | |b Giáo dục | ||
| 260 | |c 2008 | ||
| 520 | |a Nội dung sách nêu đầy đủ các phương pháp tính toán thông thường và được trình bày tương đối thuận lợi cho việc lập trình tính toán. | ||
| 650 | |a Calculus,Mathematical analysis,Phép tính toán,Toán giải tích | ||
| 904 | |i Tuyến | ||
| 980 | |a Trung tâm Học liệu Trường Đại học Cần Thơ | ||